[Event "15th Kesan Open 2017"]
[Site "Kesan"]
[Date "2017.08.15"]
[Round "4.2"]
[White "Buyukasik, Diyap"]
[Black "Sanikidze, Tornike"]
[Result "1/2-1/2"]
[WhiteElo "2285"]
[BlackElo "2548"]
[Annotator "TA"]
[PlyCount "77"]
[EventCountry "TUR"]
[SourceTitle "playchess.com"]
[Source "ChessBase"]
[SourceQuality "1"]

{[%evp 17,77,31,45,16,51,48,64,60,85,76,97,77,87,91,113,46,70,41,45,45,66,64,104,31,35,23,39,41,31,27,32,26,21,0,0,0,-11,-17,0,0,0,0,0,0,136,0,0,0,0,0,0,0,0,0,0,0,0,0,0,0,0,0]} 1. Nf3 g6 2. g3 Bg7 3. d4 d6 4. Bg2 f5 5. O-O Nf6 6. c4 O-O 7. Nc3 e6 8. Qc2 Nc6 9. Rd1 Qe8 {LiveBook: 3 Games. A87: Dutch Defence: Leningrad System: 5 Nf3} (9... Qe7 10. a3 e5 11. dxe5 Nxe5 12. b3 c6 13. Bb2 Be6 14. Ng5 Bd7 15. Qd2 h6 16. Nf3 Nf7 17. e3 {½-½ (73) Pantsulaia,L (2607)-Sanikidze,T (2510) Tbilisi 2017}) 10. Rb1 h6 $146 ({Predecessor:} 10... a5 11. b3 Nb4 12. Qb2 Ne4 13. Nb5 Qe7 14. a3 Na6 15. Nc3 {½-½ (43) Kolbak,J-Blom,K Aalborg 1965}) 11. b4 {[%cal Bb2b4,Bb4b5][%mdl 32]} Ne7 {White is slightly better.} 12. a4 {[%cal Ba2a4,Ba4a5,Ba5a6][%mdl 32]} g5 13. b5 Ng6 14. a5 e5 15. dxe5 dxe5 {[#]} 16. Nd5 (16. a6 $1 $16) 16... Rf7 17. Nd2 e4 18. Nxf6+ Bxf6 19. a6 {[%cal Rd2e4]} c6 20. Nb3 ({White should try} 20. Nxe4 $16 fxe4 21. Bxe4) 20... cxb5 21. Nc5 Ne5 $1 {Strongly threatening ...b6.} ({Much worse is} 21... bxa6 {[#]} 22. Nxe4 $1 {[%mdl 512]} fxe4 23. Bxe4 $16) 22. axb7 Bxb7 23. Nxb7 Rxb7 24. cxb5 Rxb5 25. Qa2+ Kg7 26. Rxb5 Qxb5 27. Rd5 Qb4 {Threatens to win with ...Qe1+.} 28. Bd2 Qc4 29. Qa5 Re8 30. Bc3 e3 (30... Qxc3 $11 31. Qxc3 Nf3+ 32. exf3 Bxc3) 31. Bxe5 ({Of course not} 31. fxe3 $6 Qxe2 32. Rxe5 Rxe5 $11) ({White has to play} 31. Rxe5 $16 exf2+ 32. Kxf2 Bxe5 33. Bxe5+ Kg6 34. Bf1) 31... Qxe2 $11 {The position is equal.} 32. Bxf6+ Kg6 $1 33. fxe3 $1 (33. Rxf5 $2 Qd1+ 34. Bf1 e2 $17) 33... Qxe3+ 34. Kf1 Qe2+ 35. Kg1 Qe3+ 36. Kf1 Qc1+ 37. Kf2 Qe3+ 38. Kf1 Qe2+ 39. Kg1 {Precision: White = 59%, Black = 48%.} 1/2-1/2

[Event "15th Kesan Open 2017"]
[Site "Kesan"]
[Date "2017.08.15"]
[Round "4.3"]
[White "Tereladze, Sopiko"]
[Black "Rasulov, Vugar"]
[Result "0-1"]
[WhiteElo "2172"]
[BlackElo "2509"]
[Annotator "TA"]
[PlyCount "99"]
[EventCountry "TUR"]
[SourceTitle "playchess.com"]
[Source "ChessBase"]
[SourceQuality "1"]

{[%evp 17,99,30,31,15,16,18,33,38,35,39,49,41,105,105,110,120,127,85,272,266,267,253,270,264,238,-160,-155,-153,-156,-154,-135,-134,-133,-117,-129,-134,-14,-22,65,63,77,59,85,-90,-93,-77,-85,-112,-105,-94,-68,-139,-123,-150,-108,-201,-168,-265,-250,-349,-353,-788,-348,-333,-324,-489,-460,-481,-487,-478,-418,-477,-467,-799,-480,-764,-797,-781,-711,-700,-667,-580,-442,-12848]} 1. d4 d5 2. c4 c6 3. cxd5 cxd5 4. Nc3 Nf6 5. Nf3 Nc6 6. Bf4 e6 7. e3 Be7 8. h3 O-O 9. Bd3 Bd6 {LiveBook: 5 Games. D13: Slav Defence: Exchange variation without ...Bf5} 10. O-O Bxf4 11. exf4 b6 $146 {The position is equal.} ({Predecessor:} 11... Bd7 12. Rc1 g6 13. Qd2 Rc8 14. Rfd1 Qe7 15. g3 Rfd8 16. a3 Be8 {½-½ (32) Portisch,L (2645)-Petrosian,T (2640) Palma de Mallorca 1974}) 12. Rc1 Bb7 13. Re1 g6 14. Ne5 Nxd4 (14... Nh5 $14) 15. Bxg6 $1 $16 hxg6 16. Qxd4 Ne8 17. g4 Nd6 $2 {[#]} (17... Rc8 $16 {might work better.}) 18. Nxg6 $1 $18 {[%mdl 512]} fxg6 19. Rxe6 Kf7 {[#]} 20. Nxd5 $3 {[%mdl 512] Intending Rf6+ and mate.} Kxe6 21. Qe5+ $2 (21. Rc7 $18 Qxc7 22. Nxc7+ Ke7 23. Nxa8 Bxa8 24. Qg7+ Rf7 25. Qxg6) 21... Kd7 $17 22. Rc7+ Qxc7 23. Qe7+ Kc6 24. Nb4+ Kb5 {( -> ...Qc1+)} 25. Qxc7 Rfd8 $1 (25... Kxb4 $2 26. Qxd6+ Ka5 27. b4+ Kb5 28. Qd7+ Bc6 29. a4+ $1 {[%mdl 512]} Kxa4 30. Qxc6+ b5 31. Qxg6 $18) (25... Rxf4 $2 26. Qd7+ Kxb4 27. Qxd6+ Kb5 28. Qe5+ Kc6 29. Qxf4 $18) 26. Nc2 {aiming for a4+!} Rac8 (26... a5 $1 $17 27. Qc3 Ka6 28. Qd3+ Ka7) 27. Qe7 $11 Be4 ({Reject} 27... Rxc2 $6 28. Qxd8 Rd2 29. Qe7 $16) ({Black should play} 27... a5 $11 28. Qe2+ Kc6 29. Nd4+ Kd7) 28. Nd4+ $1 $14 Ka6 29. Kh2 {Strongly threatening Ne6.} Bd5 30. b4 $2 {[#]} (30. a4 $1 $16 {stays on course.}) 30... Nb5 $1 $17 {[%cal Rb5d4]} ({Much weaker is} 30... Bxa2 $6 {[#]} 31. Nc6 $1 $11 {[%mdl 512]}) 31. Nxb5 Kxb5 32. Qxa7 Rd6 33. Qe7 Rcc6 34. a3 (34. Qe5 $15) 34... Ka4 35. Kg3 b5 ({Don't blunder} 35... Kxa3 $2 36. b5 $18) 36. Qa7+ (36. f3 $17 {was worth a try.}) 36... Kb3 $19 37. Kh4 (37. f3 $142) 37... Bc4 38. f5 gxf5 39. f4 $2 (39. Qe3+ Rd3 40. Qc1) 39... Ra6 (39... Rh6+ $142 40. Kg5 Rcg6+ 41. Kxf5 Bd3+ 42. Ke5 Re6+ 43. Kd4 Rd6+ 44. Kc5 Rc6+ 45. Kd4 Rcd6+ 46. Kc5 Be4 47. Qf7+ Rhe6 48. Qxe6+ Rxe6) 40. Qe3+ Rd3 41. Qe5 (41. Qc1 {is a better defense.}) 41... Rh6+ 42. Kg5 Rhxh3 {...fxg4 is the strong threat.} 43. gxf5 Rdg3+ 44. Kf6 Rh7 {[%csl Gc4][%cal Rh7f7] Black is clearly winning.} 45. Qc5 (45. Qa1 $142) 45... Rf7+ 46. Ke5 Rd3 47. Ke4 Kxa3 48. Qe5 Kb3 49. f6 Rd1 50. Kf5 {Precision: White = 34%, Black = 51%.} (50. Kf3 $142) 0-1

[Event "15th Kesan Open 2017"]
[Site "Kesan"]
[Date "2017.08.15"]
[Round "4.4"]
[White "Annaberdiev, Meilis"]
[Black "Ozalp, Burak"]
[Result "1/2-1/2"]
[WhiteElo "2487"]
[BlackElo "2129"]
[Annotator "TA"]
[PlyCount "149"]
[EventCountry "TUR"]
[SourceTitle "playchess.com"]
[Source "ChessBase"]
[SourceQuality "1"]

{[%evp 20,149,36,44,56,61,73,35,27,31,54,58,61,29,75,51,83,77,81,81,90,73,81,66,68,61,86,61,70,58,54,52,69,68,68,68,70,72,95,14,13,0,0,0,0,-6,0,-4,0,0,0,0,0,0,0,0,0,0,0,0,0,0,15,15,49,34,64,64,103,43,50,7,8,7,8,8,8,0,0,0,0,0,0,0,0,0,0,0,0,0,0,0,0,0,0,0,8,8,8,0,0,0,8,8,8,8,8,8,8,8,8,0,8,0,8,8,8,8,8,0,0,0,0,0,0,0,0,0,0,0,0,0]} 1. d4 Nf6 2. Nf3 g6 3. Bg5 Bg7 4. Nbd2 d5 5. e3 O-O 6. Bd3 c5 7. c3 Nc6 8. O-O cxd4 9. exd4 Qb6 10. Qb3 Qxb3 11. axb3 Bf5 {D03: 1 d4 d5 2 Nf3 Nf6 3 Bg5, including Torre Attack with early ...d5} 12. Bxf5 gxf5 13. Bxf6 Bxf6 {White is slightly better.} 14. b4 e6 $146 ({Predecessor:} 14... b6 15. Ra6 Nb8 16. Ra2 Rc8 17. Rfa1 a6 18. g3 Ra7 19. Ne5 {1-0 (34) Supancic,D (2375)-Scheck,R (2195) Austria 1993}) 15. Nb3 b6 16. Ne1 Ne7 17. Nd3 Rfc8 18. Ra6 Rc7 19. Rfa1 Nc8 20. g3 Be7 21. Ne5 f6 22. Nd3 Bd6 23. Re1 Kf7 24. Nd2 Ne7 25. Rea1 Nc8 26. Nf3 Rb8 27. Nh4 Rbb7 28. Re1 Ne7 29. Nc5 (29. Kg2 $16) 29... Bxc5 $11 30. bxc5 Rc6 31. cxb6 $1 Rcxb6 32. Rea1 Rxb2 33. Rxa7 Rxa7 34. Rxa7 {[%mdl 4096] Endgame KRN-KRN} Rb3 35. Rc7 Ke8 36. Kf1 Kd8 37. Rc5 $1 Kd7 38. Ng2 Nc8 39. Nf4 Nd6 {[#] ...Nb7 is the strong threat.} 40. Ra5 Rb7 41. Ra6 Rc7 42. h4 Rxc3 43. Ra7+ Kc6 44. Nxe6 (44. Rxh7 $16 Ne4 45. h5 (45. Nxe6 Rf3 $11)) 44... Ne4 $1 $14 45. Rc7+ (45. Kg2 {is interesting.} Rd3 46. Ra6+ Kb7 47. Ra2 Kc6 48. h5) 45... Kd6 {The position is equal.} 46. Rxc3 Nxc3 $11 {KN-KN} 47. Ng7 f4 $1 {[%cal Bf5f4,Bf4f3][%mdl 32]} 48. g4 f3 $1 49. Ke1 Ne4 50. Nf5+ Ke6 51. h5 Kf7 52. Nh4 f5 53. Nxf3 fxg4 54. Ne5+ Kf6 55. Nxg4+ Kg5 56. f3 Ng3 57. Ne3 Nxh5 (57... Nf5 $5 {[%cal Rf5e3]} 58. Nxd5 Nxd4 $11) 58. Nxd5 Ng7 59. Ke2 h5 60. Nc7 Kf4 61. Kf2 h4 62. Nd5+ Kf5 63. Ne3+ Kf4 64. Ng2+ Kg5 65. Ne3 Kf4 66. Nd5+ Kf5 67. Nc3 Nh5 68. Ne2 Nf6 69. Kg2 Nd5 70. Kh2 Kf6 71. Kg2 Kf5 72. Kf2 (72. Kh3 $5 {[%cal Rh3h4]}) 72... Kg5 73. Ng1 Nf4 74. Ne2 {[#] Hoping for Nxf4.} Nd5 ({But not} 74... Nxe2 $2 75. Kxe2 Kf4 76. Kf2 $18) 75. Kg2 {Precision: White = 63%, Black = 64%.} 1/2-1/2

[Event "15th Kesan Open 2017"]
[Site "Kesan"]
[Date "2017.08.15"]
[Round "4.5"]
[White "Seyhanoglu, Deniz"]
[Black "Benidze, Davit"]
[Result "0-1"]
[WhiteElo "2060"]
[BlackElo "2476"]
[Annotator "TA"]
[PlyCount "106"]
[EventCountry "TUR"]
[SourceTitle "playchess.com"]
[Source "ChessBase"]
[SourceQuality "1"]

{[%evp 15,106,44,43,47,45,40,43,33,47,0,0,0,0,0,32,41,60,4,30,-11,-8,-14,1,-57,-60,-59,-57,-60,-47,-64,-61,-145,-147,-243,-242,-244,-244,-381,-357,-299,-286,-295,-279,-244,-95,-86,-91,-79,29,17,3,-38,-8,-8,-8,-8,-8,-8,0,-8,-8,-8,-17,-51,-77,-57,-52,-298,-313,-302,-295,-415,-395,-615,-354,-577,-464,-362,-334,-1807,-1726,-1569,-1420,-29948,-29950,-12850,-1263,-29959,-29960,-29957,-29962,-29960,-29944]} 1. c4 Nf6 2. g3 a6 (2... g6 3. Bg2 Bg7 4. d4 O-O 5. Nc3 c5 6. d5 d6 7. Nf3 e6 8. O-O exd5 9. cxd5 a6 10. a4 Re8 11. Nd2 Nbd7 12. h3 Rb8 13. Nc4 Ne5 14. Na3 Nh5 15. e4 Bd7 16. g4 Nf6 17. g5 Nh5 18. f4 b5 19. fxe5 b4 20. Nc4 bxc3 21. bxc3 Bxe5 22. Qf3 f5 23. gxf6 Qxf6 24. Nxe5 Qxe5 {0-1 (60) So,W (2812)-Nakamura,H (2785) Stavanger 2017}) 3. Bg2 e6 4. b3 Be7 5. Bb2 O-O 6. Nf3 {A15: English Opening: 1...Nf6} d5 7. O-O b5 8. d4 Bb7 {[%cal Bc8b7,Bb7c6,Bc6b5][%mdl 32] LiveBook: 3 Games} 9. c5 Nc6 10. a3 $146 ({Predecessor:} 10. Qc2 Ne4 11. Nbd2 f5 12. Rad1 a5 13. Nxe4 fxe4 14. Ne5 Nxe5 15. dxe5 {1-0 (64) Konyshev,A (2379)-Dralov,V (2233) Kemerovo 2011}) 10... a5 11. Ne5 b4 12. axb4 axb4 13. Nxc6 Bxc6 14. Nd2 Ne4 15. Qc2 {[%cal Rd2e4]} f5 16. f3 (16. Nf3 $14) 16... Nf6 $11 17. Qd3 Qd7 18. Qe3 Bb5 19. f4 (19. Rfc1 $11) 19... Ng4 $36 {[%mdl 2048] Black has good play.} 20. Qf3 Qc6 21. h3 Nf6 22. Qe3 Ne4 23. Bxe4 (23. Kh2 $15) 23... fxe4 $17 24. Rfd1 (24. Qf2 $17) 24... Rxa1 $19 25. Rxa1 Ra8 26. Rb1 (26. Rxa8+ {was called for.} Qxa8 27. Nf1) 26... Ra2 27. Nf1 Qa6 28. Kf2 Bf6 29. Nd2 Rxb2 (29... g6 $19 {and Black stays clearly on top.} 30. Kf1 Kf7) 30. Rxb2 $17 Qa1 $1 {[%cal Ra1b2]} 31. Rb1 Qc3 ({Black should play} 31... Qxd4 $17 32. Qxd4 Bxd4+ 33. e3 Bxc5) 32. Qxc3 bxc3 33. e3 {And now Nf1 would win.} (33. Nxe4 {with more complications.} dxe4 34. Ke3 h5 35. Rc1 h4 36. gxh4 Bxh4 37. Rxc3 Kf7 38. Rc1) 33... cxd2 {[%mdl 4096] Endgame} 34. Rd1 g5 35. Rxd2 Kf7 36. Ra2 Kg6 37. Ra7 c6 38. Ra8 $1 h5 39. fxg5 Bxg5 40. Rg8+ Kf5 $1 41. Rf8+ $2 {[#]} ({White should try} 41. h4 $1 $15 Bf6 42. g4+ hxg4 43. h5) 41... Bf6 $1 $19 42. Rg8 {Intending g4+ and mate.} e5 43. g4+ (43. dxe5 {was forced.} Kxe5 44. Re8+ Kf5 45. h4) 43... hxg4 44. hxg4+ Ke6 45. dxe5 $2 (45. g5 Kf7 46. gxf6 Kxg8 47. dxe5) 45... Bh4+ 46. Kg2 {If White can now play Re8+ this consolidates a bit.} d4 ({Not} 46... Kxe5 47. Rg6 $19) 47. Rh8 $2 (47. Rg6+ Kf7 48. Rh6) 47... d3 48. Rxh4 {[#] KR-KB} d2 $1 49. Rh1 Be2 50. Kg3 Bf3 (50... d1=Q $142 51. Rxd1 Bxd1) 51. Rb1 Kxe5 {Black mates.} 52. b4 d1=Q 53. Rxd1 Bxd1 {Precision: White = 36%, Black = 64%.} 0-1

[Event "15th Kesan Open 2017"]
[Site "Kesan"]
[Date "2017.08.15"]
[Round "4.6"]
[White "Markidis, Konstantinos"]
[Black "Rzayev, Askar Aliakbar"]
[Result "1/2-1/2"]
[WhiteElo "2350"]
[BlackElo "2072"]
[Annotator "TA"]
[PlyCount "30"]
[EventCountry "TUR"]
[SourceTitle "playchess.com"]
[Source "ChessBase"]
[SourceQuality "1"]

{[%evp 15,30,0,11,10,42,34,39,12,4,-1,13,10,25,25,22,22,20]} 1. e4 g6 2. d4 Bg7 3. Nf3 c6 4. c3 d5 5. e5 Nh6 6. h3 {B06: Modern Defence} f6 7. Bf4 (7. exf6 exf6 8. Bd3 O-O 9. O-O Nf5 10. Re1 {½-½ (10) Pap,M (2473)-Skembris,S (2420) Heusenstamm 2014}) 7... O-O 8. Bd3 Nf7 {LiveBook: 3 Games} 9. Qe2 Na6 {[%cal Bb8a6,Ba6c7,Bc7e6][%mdl 32]} 10. O-O Nc7 11. exf6 exf6 12. Re1 $146 ({Find the theoretical novelty and annotate with similar games:} 12. Bxc7 Qxc7 13. Qc2 Qf4 {0-1 (58) Kalepky,H (1935)-Schulz,M (2094) Wesel Undeloh 2014}) 12... Ne6 13. Bh2 Re8 14. Qc2 Bd7 15. Nbd2 Bh6 1/2-1/2

[Event "15th Kesan Open 2017"]
[Site "Kesan"]
[Date "2017.08.15"]
[Round "4.7"]
[White "Maden, Mirac Kerem"]
[Black "Rahmanov, Shahriyar"]
[Result "1-0"]
[WhiteElo "2014"]
[BlackElo "2327"]
[Annotator "TA"]
[PlyCount "41"]
[EventCountry "TUR"]
[SourceTitle "playchess.com"]
[Source "ChessBase"]
[SourceQuality "1"]

{[%evp 22,41,34,34,31,-35,-6,-21,14,15,56,54,571,545,605,599,685,683,907,804,795,734]} 1. d4 Nf6 2. Nf3 d5 3. c4 c6 4. Nc3 e6 5. Bg5 Nbd7 6. e3 h6 7. Bh4 {[%cal Bg5h4,Bh4g3,Bg3e5][%mdl 32]} g5 {D51: Queen's Gambit Declined: 4 Bg5 Nbd7 sidelines} 8. Bg3 Nh5 9. Be5 Nhf6 10. Bg3 Nh5 11. Bd3 Nxg3 12. hxg3 {LiveBook: 5 Games} Bg7 13. e4 $146 (13. Qc2 $14) ({Predecessor:} 13. Rc1 a6 14. cxd5 cxd5 15. Nd2 Nf6 16. Qb3 b6 17. Na4 {½-½ (40) Mareco,S (2648)-Quesada Perez,Y (2630) Saint Louis 2017}) 13... g4 $15 14. Nh4 {[%cal Rc4d5]} Bxd4 15. exd5 Ne5 16. Be4 Qf6 $2 {[%mdl 8192] [#]} ({Black should try} 16... Bxc3+ $14 17. bxc3 O-O) 17. Qxd4 $18 {White is clearly winning.} cxd5 18. cxd5 Bd7 19. O-O Rc8 20. dxe6 Bxe6 21. Nd5 1-0

[Event "15th Kesan Open 2017"]
[Site "Kesan"]
[Date "2017.08.15"]
[Round "4.8"]
[White "Stefanov, Emil"]
[Black "Diri, Reha"]
[Result "1/2-1/2"]
[WhiteElo "2455"]
[BlackElo "1982"]
[Annotator "TA"]
[PlyCount "101"]
[EventCountry "TUR"]
[SourceTitle "playchess.com"]
[Source "ChessBase"]
[SourceQuality "1"]

{[%evp 22,101,12,12,27,17,30,25,19,19,27,29,65,54,104,99,95,27,34,24,93,0,0,0,0,0,0,0,0,0,0,-3,0,-74,-67,-74,-59,-69,-74,-67,-64,-76,-75,-63,-63,-63,-48,-63,0,0,0,0,0,0,0,0,0,0,0,0,0,0,0,-72,-56,-66,-13,-13,-13,-13,-7,-20,0,0,0,-2,-18,-145,-134,-272,-272,-677]} 1. d4 d5 2. c4 c6 3. Nf3 Nf6 4. e3 e6 5. b3 Nbd7 6. Bb2 Bd6 7. Bd3 O-O {A06: Réti Opening:1 Nf3 d5} 8. O-O b6 9. Nbd2 Bb7 10. Ne5 c5 11. cxd5 exd5 12. f4 {LiveBook: 40 Games} Qe7 13. Qf3 cxd4 14. exd4 Bb4 15. Rad1 {[#]} Rfc8 $146 ({Predecessor:} 15... Bxd2 16. Rxd2 {½-½ (50) Fridman,D (2621)-Kasimdzhanov,R (2690) Bastia 2007}) 16. Qh3 Bxd2 17. Rxd2 {[#] Black must now prevent Nxd7.} Nf8 {[%cal Bd7f8,Bf8h7,Bh7g5,Bg5f3][%mdl 32]} 18. f5 h6 19. Rdf2 ({White should play} 19. Re2 $16) 19... N8h7 $11 20. Bc1 a5 {[#]} (20... Rc3 $11) 21. Rf3 (21. Bxh6 $1 $16 gxh6 22. Qxh6) 21... Rxc1 22. Rxc1 {aiming for Rf2.} Ng5 23. Qg3 {Threatens to win with Rff1.} Nxf3+ 24. Qxf3 Rc8 25. Rxc8+ Bxc8 26. Qe3 Qc7 (26... a4 $5) 27. Qd2 (27. h3 $11) 27... Ne4 $36 {[%mdl 2048] Black has the initiative.} 28. Bxe4 dxe4 29. f6 gxf6 30. Nc4 Kg7 31. d5 Qc5+ 32. Ne3 Bd7 33. Kf2 h5 34. h4 f5 ({Better is} 34... Kf8 $15) 35. g3 $1 $11 f6 36. Qd1 Kg6 37. Qc2 Qd4 38. Qc4 Qd2+ 39. Qe2 Qd4 40. Qc4 Qd2+ 41. Qe2 Qd4 42. Kg1 (42. Qc4 $11 {remains equal.} Qb2+ 43. Qe2 Qd4) 42... Kh6 43. Kh2 b5 (43... Kg7 $15) 44. Ng2 Qxd5 {Hoping for ...Qd4.} 45. Nf4 Qf7 46. Qd2 Bc6 47. Qd6 Be8 48. Nd5 Kg7 49. Ne3 (49. Ne7 $1 $11 {keeps the balance.}) 49... Qd7 $17 50. Qxd7+ (50. Qc5 $17 {was worth a try.}) 50... Bxd7 $19 51. b4 $2 {[%mdl 32768] Precision: White = 56%, Black = 56%. . An unexpected result.} (51. Kg1) 1/2-1/2

[Event "15th Kesan Open 2017"]
[Site "Kesan"]
[Date "2017.08.15"]
[Round "4.9"]
[White "Ozsakallioglu, Akin"]
[Black "Dimitrov, Atanas"]
[Result "0-1"]
[WhiteElo "1849"]
[BlackElo "2317"]
[Annotator "ChessBase"]
[PlyCount "144"]
[EventCountry "TUR"]
[SourceTitle "playchess.com"]
[Source "ChessBase"]
[SourceQuality "1"]
[TimeControl "5400+30"]

1. e4 {[%emt 0:00:30]} c5 {[%emt 0:01:00]} 2. Nf3 {[%emt 0:00:30]} e6 {[%emt 0:00:30]} 3. d4 {[%emt 0:00:30]} cxd4 {[%emt 0:00:30]} 4. Nxd4 {[%emt 0:00:30]} Nf6 {[%emt 0:00:30]} 5. f3 {[%emt 0:00:30]} Nc6 {[%emt 0:00:30]} 6. c4 {[%emt 0:00:00]} Bc5 {[%emt 0:22:30]} 7. Nxc6 {[%emt 0:04:00]} dxc6 {[%emt 0:00:30]} 8. Qxd8+ {[%emt 0:04:30]} Kxd8 {[%emt 0:00:30]} 9. Nc3 {[%emt 0:01:30]} e5 {[%emt 0:00:00]} 10. Bd3 {[%emt 0:03:30]} Nd7 {[%emt 0:07:00]} 11. b3 {[%emt 0:03:30]} Bd4 {[%emt 0:04:30]} 12. Bb2 {[%emt 0:00:30]} Nc5 {[%emt 0:00:00]} 13. O-O-O {[%emt 0:00:00]} Kc7 {[%emt 0:05:00]} 14. Kc2 {[%emt 0:06:00]} Ne6 {[%emt 0:10:30]} 15. Ne2 {[%emt 0:02:30]} Bxb2 {[%emt 0:00:30]} 16. Kxb2 {[%emt 0:00:30]} a5 {[%emt 0:05:30]} 17. g3 {[%emt 0:02:30]} Nc5 {[%emt 0:02:30]} 18. Bc2 {[%emt 0:01:30]} Bh3 {[%emt 0:01:30]} 19. Rhe1 {[%emt 0:02:30]} h5 {[%emt 0:04:30]} 20. Ng1 {[%emt 0:01:30]} Bd7 {[%emt 0:00:30]} 21. Rd2 {[%emt 0:04:30]} h4 {[%emt 0:03:30]} 22. f4 {[%emt 0:02:30]} hxg3 {[%emt 0:00:30]} 23. hxg3 {[%emt 0:00:00]} exf4 {[%emt 0:12:15]} 24. gxf4 {[%emt 0:01:00]} Rh4 {[%emt 0:00:03]} 25. f5 {[%emt 0:05:30]} g6 {[%emt 0:10:31]} 26. Nf3 {[%emt 0:03:30]} Rf4 {[%emt 0:00:45]} 27. Ne5 {[%emt 0:00:30]} Re8 {[%emt 0:01:54]} 28. Nxd7 {[%emt 0:01:30]} Nxd7 {[%emt 0:00:03]} 29. fxg6 {[%emt 0:00:30]} fxg6 {[%emt 0:00:01]} 30. Rg2 {[%emt 0:00:00]} Ne5 {[%emt 0:00:10]} 31. Rh1 {[%emt 0:01:00]} Re7 {[%emt 0:00:39]} 32. Rh8 {[%emt 0:00:30]} Rff7 {[%emt 0:03:21]} 33. Rg8 {[%emt 0:01:30]} Rg7 {[%emt 0:00:26]} 34. Rxg7 {[%emt 0:00:30]} Rxg7 {[%emt 0:00:02]} 35. Kc3 {[%emt 0:01:30]} c5 {[%emt 0:00:37]} 36. Kd2 {[%emt 0:01:30]} Rf7 {[%emt 0:00:25]} 37. Ke2 {[%emt 0:01:30]} Kd6 {[%emt 0:02:42]} 38. Bd1 {[%emt 0:00:30]} Ke6 {[%emt 0:00:39]} 39. Ke3 {[%emt 0:00:30]} Rf1 {[%emt 0:00:27]} 40. Ke2 {[%emt 0:00:30]} Rh1 {[%emt 0:00:30]} 41. a4 {[%emt 0:00:30]} Kf6 {[%emt 0:00:30]} 42. Bc2 {[%emt 0:00:30]} Rh3 {[%emt 0:00:03]} 43. Kf1 {[%emt 0:06:30]} Rf3+ {[%emt 0:01:24]} 44. Ke2 {[%emt 0:01:30]} Rh3 {[%emt 0:00:01]} 45. Kf1 {[%emt 0:00:00]} b6 {[%emt 0:00:27]} 46. Rd2 {[%emt 0:00:00]} Ke6 {[%emt 0:01:07]} 47. Rg2 {[%emt 0:00:30]} Rc3 {[%emt 0:00:34]} 48. Bd1 {[%emt 0:01:30]} Kf6 {[%emt 0:00:01]} 49. Rd2 {[%emt 0:01:30]} Rd3 {[%emt 0:00:35]} 50. Rf2+ {[%emt 0:00:30]} Kg5 {[%emt 0:00:32]} 51. Ke2 {[%emt 0:00:30]} Rg3 {[%emt 0:00:28]} 52. Rf8 {[%emt 0:00:30]} Nc6 {[%emt 0:01:29]} 53. Kf2 {[%emt 0:00:30]} Rd3 {[%emt 0:00:23]} 54. Ke2 {[%emt 0:00:30]} Rh3 {[%emt 0:00:14]} 55. e5 {[%emt 0:00:30]} Nxe5 {[%emt 0:00:17]} 56. Rb8 {[%emt 0:00:30]} Kf4 {[%emt 0:00:26]} 57. Rxb6 {[%emt 0:01:30]} Rh2+ {[%emt 0:00:09]} 58. Kf1 {[%emt 0:00:30]} Rh1+ {[%emt 0:00:09]} 59. Ke2 {[%emt 0:00:30]} Rh2+ {[%emt 0:00:02]} 60. Kf1 {[%emt 0:00:00]} Ke3 {[%emt 0:01:18]} 61. Re6 {[%emt 0:00:00]} Kd4 {[%emt 0:00:29]} 62. Rd6+ {[%emt 0:00:30]} Ke4 {[%emt 0:00:57]} 63. Rd5 {[%emt 0:00:30]} Rh1+ {[%emt 0:00:20]} 64. Ke2 {[%emt 0:00:30]} Rh2+ {[%emt 0:00:08]} 65. Kf1 {[%emt 0:00:30]} Nd3 {[%emt 0:01:37]} 66. Kg1 {[%emt 0:01:30]} Rb2 {[%emt 0:00:34]} 67. Bg4 {[%emt 0:01:30]} Rxb3 {[%emt 0:00:57]} 68. Bd7 {[%emt 0:00:00]} Rb6 {[%emt 0:00:38]} 69. Bb5 {[%emt 0:01:00]} Rf6 {[%emt 0:00:35]} 70. Rd7 {[%emt 0:00:30]} Ne5 {[%emt 0:00:30]} 71. Ra7 {[%emt 0:01:30]} Kf3 {[%emt 0:00:33]} 72. Rxa5 {[%emt 0:00:30]} Rd6 {[%emt 0:00:10]} 0-1

[Event "15th Kesan Open 2017"]
[Site "Kesan"]
[Date "2017.08.15"]
[Round "4.10"]
[White "Grigoriev, Armen"]
[Black "Kuruz, Yusuf"]
[Result "1-0"]
[WhiteElo "2160"]
[BlackElo "1903"]
[Annotator "TA"]
[PlyCount "71"]
[EventCountry "TUR"]
[SourceTitle "playchess.com"]
[Source "ChessBase"]
[SourceQuality "1"]

{[%evp 13,71,2,13,-6,25,21,66,25,33,33,50,50,122,113,120,85,219,206,216,225,221,214,258,232,230,226,293,162,165,165,177,133,171,150,178,179,209,193,181,154,144,134,141,136,136,119,143,116,128,131,123,91,412,419,610,589,614,605,867,856]} 1. d4 d5 2. Nf3 Nf6 3. g3 g6 4. Bg2 Bg7 5. O-O O-O 6. c3 c6 7. Nbd2 Re8 {LiveBook: 3 Games. D02: 1 d4 d5 2 Nf3 sidelines, including 2...Nf6 3 g3 and 2...Nf6 3 Bf4} 8. Ne5 (8. Re1 Bf5 9. Nh4 Be6 10. e4 dxe4 11. Nxe4 Bd5 12. Nxf6+ Bxf6 13. Nf3 Nd7 14. Bf4 c5 15. dxc5 Nxc5 {½-½ (62) Kramnik,V (2808)-Ivanchuk,V (2738) Leuven 2017}) 8... Ng4 9. Nd3 $146 ({Predecessor:} 9. Nxg4 Bxg4 10. h3 Bf5 11. e4 dxe4 12. Nxe4 Nd7 13. Qb3 Qb6 14. Be3 Qxb3 15. axb3 a6 16. Ra4 Rad8 17. Rfa1 Bxe4 18. Bxe4 Nf6 19. Bf3 {½-½ (19) Ionescu,C (2515)-Iordachescu,V (2485) Bucharest 1997}) 9... e5 {The position is equal.} 10. dxe5 (10. h3 $5 {[%cal Rh3g4]}) 10... Nxe5 11. Nxe5 Rxe5 12. e4 $1 d4 {[#]} ({Better is} 12... Re8 $14) 13. Nb3 $1 $36 {[%mdl 2048] White has strong initiative.} d3 14. f4 Rh5 (14... Re8 $16 {keeps fighting.}) 15. Rf2 Na6 16. Be3 Be6 17. Rd2 Qc8 18. Rxd3 Bg4 19. Qf1 c5 {Black wants to play ...c4.} 20. Rd5 (20. Na5 $142) 20... Rxd5 $18 21. exd5 Bf5 22. Nd2 {[%cal Bb3d2,Bd2c4,Bc4e5][%mdl 32]} Qd7 23. Nc4 Bf8 24. Ne5 Qc8 25. Rd1 Bd6 26. Rd2 Nc7 {[%cal Ba6c7,Bc7e8,Be8f6][%mdl 32]} 27. Qf2 Ne8 28. Nc4 b6 29. Qf1 Qd7 30. Rd1 {[%cal Bd2d1,Bd1e1,Be1e4][%mdl 32]} Nf6 31. Bc1 Re8 32. Re1 Be4 $2 {[%mdl 8192] [#]} (32... Rxe1 $16 {is a better chance.} 33. Qxe1 Bb8) 33. Ne5 $1 {[%mdl 512]} Qc7 (33... Qd8 $142 34. Bxe4 Bxe5 35. fxe5 Nxe4 36. Rxe4 Qxd5) (33... Bxe5 34. fxe5) 34. Bxe4 {White is clearly winning.} Nxe4 35. Rxe4 f6 36. Ng4 {Precision: White = 51%, Black = 27%.} 1-0